A TEXT BOOK OF PRACTICALS IN KRIYA SHARIR (Record no. 16580)

MARC details
000 -LEADER
fixed length control field 00361nam a22001577a 4500
003 - CONTROL NUMBER IDENTIFIER
control field SGT
020 ## - INTERNATIONAL STANDARD BOOK NUMBER
International Standard Book Number 978-93-86554-36-9
082 ## - DEWEY DECIMAL CLASSIFICATION NUMBER
Classification number 612
Item number P19B
100 ## - MAIN ENTRY--PERSONAL NAME
Personal name BHARDWAJ, VINAY
245 ## - TITLE STATEMENT
Title A TEXT BOOK OF PRACTICALS IN KRIYA SHARIR
250 ## - EDITION STATEMENT
Edition statement 1AT
260 ## - PUBLICATION, DISTRIBUTION, ETC. (IMPRINT)
Place of publication, distribution, etc VARANASI
Name of publisher, distributor, etc CHAUKHAMBA PUB
Year of Publication 2019
300 ## - PAGE DESCRIPTION
No. of Pages 256
650 ## - SUBJECT ADDED ENTRY--TOPICAL TERM
Topical term or geographic name as entry element AYURVEDA
942 ## - ADDED ENTRY ELEMENTS (KOHA)
Source of classification or shelving scheme Dewey Decimal Classification
Koha item type Books
942 ## - ADDED ENTRY ELEMENTS (KOHA)
-- 20
Holdings
Withdrawn status Lost status Source of classification or shelving scheme Damaged status Not for loan Collection code Home library Current library Shelving location Date acquired Vendor Name Cost, normal purchase price SGTU Bill Number Total Checkouts Full call number Accession No. (Barcode) Date last seen Date last borrowed Bill Date Koha item type Use restrictions
    Dewey Decimal Classification     AYURVEDA SGT FA-FP Library SGT FA-FP Library Text Book 22/01/2019 CHAUKHAMBA PUB 320.00 SGTU 1338 2 612 P19B FA8611 27/09/2025 19/08/2023 16/01/2019 Books  
    Dewey Decimal Classification     AYURVEDA SGT FA-FP Library SGT FA-FP Library Text Book 22/01/2019 CHAUKHAMBA PUB 320.00 SGTU 1338 6 612 P19B FA8612 19/04/2025 07/04/2025 16/01/2019 Books  
    Dewey Decimal Classification     AYURVEDA SGT FA-FP Library SGT FA-FP Library Text Book 22/01/2019 CHAUKHAMBA PUB 320.00 SGTU 1338 6 612 P19B FA8613 09/04/2025 25/03/2025 16/01/2019 Books  
    Dewey Decimal Classification     AYURVEDA SGT FA-FP Library SGT FA-FP Library Reference Book 22/01/2019 CHAUKHAMBA PUB 320.00 SGTU 1338   612 P19B FA8614 22/01/2019   16/01/2019 Books Restricted Access
    Dewey Decimal Classification     AYURVEDA SGT FA-FP Library SGT FA-FP Library Text Book 22/01/2019 CHAUKHAMBA PUB 320.00 SGTU 1338 13 612 P19B FA8615 17/04/2026 10/04/2026 16/01/2019 Books